000 00462nam a2200181Ia 4500
001 19722
005 20260306172713.0
008 260306t2016||||xx |||||||||||||| ||spa||
041 _aESP
082 _a341
_bM12
100 _aMacCormick, Neil
_eAUT
245 0 _aRetórica y estado de derecho:
_buna teoría del razonamiento jurídico
260 _c2016
300 _a466 páginas :
_c20 cm.
650 _aGEN
654 _aCDE
942 _cLIB
_dJUS
_fJUS
_2ddc
_n
999 _c19722
_d19722